000 00579cam a22002053a 4500
001 39466
003 PGUSA
005 20140828083857.0
008 120417s2012||||xxu|||||s|||||000 | eng d
040 _aPGUSA
_beng
042 _adc
100 1 _aLongstreth, Thomas Morris
245 1 0 _aReading the Weather
_h[electronic resource] /
_cThomas Morris Longstreth
260 _bProject Gutenberg,
_c2012
506 _aPublic domain in the USA.
516 _aElectronic text
830 0 _aProject Gutenberg
_v39466
856 4 0 _uhttp://www.gutenberg.org/ebooks/39466
942 _cEB
999 _c268719
_d268719